000 01023nam a2200277Ia 4500
001 Para_10189
003 CHAP
008 220125sDici xx 000 0 und d
010 _a208873
040 _cCHAP
090 _aPA CD - TESIS 242
100 _aGonzález de Jesús, Hugo
_9125747
245 _aQuímicos y biológicos para el control de la pudrición blanca Sclerotium Berk, en el cultivo de cebolla en Cojumatlán, Michoacán, México /
_c Hugo González de Jesús. Director Marcelo Acosta Ramos
260 _aChapingo, Méx. :
_b el autor
300 _a1 CDS ROM (40 p.)
502 _aTesis (Ing. Agr. Esp. en Parasitología Agrícola). UACh. Departamento Parasitología Agrícola
700 _aAcosta Ramos, Marcelo. Director
_9175056
710 _aUACh. Departamento Parasitología Agrícola
_9164025
901 _aPA CD - TESIS 242
902 _aM
905 _a513220Diciembre, 2012 anm 8100000000 06
910 _aDici
942 _cPARA
942 _cPARA
_d2
999 _c208873
_d208873